000 00603cam a22002051 4500
001 ne 66001990
003 DLC
005 20260227111827.0
008 831117s1965 le b 000 0 fre
010 _ane 66001990
035 _a(OCoLC)16762426
040 _aDLC
_cOrPS
_dDLC
050 0 0 _aBT738
_b.L4 1965
100 1 _aLe Génissel, André.
245 1 0 _aManuel d'initiation sociale
_c[par] A.Le Genissel.
260 _a[Beyrouth]
_bÉditions de l'Impr. catholique
_c[1965]
300 _a188 p.
_c19 cm.
504 _aBibliography: p. [187]-188.
650 0 _aChristian sociology
_xCatholic Church.
999 _c49242
_d49242